000 00491nam a2200145Ia 4500
008 231129s2010||||xx |||||||||||||| ||spa||
020 _a978-958-30-3450-3
040 _bspa
082 _a658.314 M126g
100 _aMcClain Gary R.
245 0 _aEl gran libro de la gerencia de personal : maneras rápidas y fáciles de construir motivar y cultivar un equipo de trabajo de primera clase
260 _c2010
264 _aPanamericana
942 _2ddc
_cBKS
999 _c11173
_d11173